000 00382nam a2200121 4500
008 180214b xxu||||| |||| 00| 0 eng d
100 _926456
_aDe Vera- Ruiz, Ellalyn.
245 _aClimate change poses threats to one's health/
_cEllalyn De Vera- Ruiz.
260 _aPhilippines:
_bManila Bulletin,
_cc2017.
300 _apage 6.
650 0 _926457
_aClimate change.
942 _2ddc
_cPER
999 _c8621
_d8621